000 00561nam a2200169 i 4500
001 70367
003 ES-MaACL
005 20230906170811.0
007 t|
008 040722s1951 sp ||||1| spa d
100 1 _aGarcía Sánchez, Alejandro.
_955256
245 1 0 _aPara tí, corazón
_b: poesías /
_cAlejandro García Sánchez ; [prólogo de Francisco de Cossío].
260 _aBéjar :
_b[s.n.,
_c1951] (
_fImp. S. Sánchez)
300 _a127 p. :
_bretr. aut. ;
_c18 cm.
700 0 _aCossío, Francisco de.
_941014
852 _aES-MaACL
_jD-7948
_bR.32249
999 _c70367
_d70367